000 00913nam a2200241Ia 4500
003 GCL
008 140319s9999 xx 000 0 ara d
040 _aGCL /
_cGCL
082 0 4 _a614.7
_bا ك
100 1 _aاحمد عبدالوهاب عبدالجواد
245 1 0 _aكيف تحمى اسرتك من الاصابة بالفشل الكلوى والكبدى والسرطان /
_cاحمد عبدالوهاب عبدالجواد
700 1 _aمحمد عبدالفتاح القصاص
260 _a[S.N] :
_bالدار العربية للتوزيع والنشر ،
_c1991
300 _a170 ص
490 _aسلسلة دائرة المعارف البيئية
_v0
650 0 4 _aحماية البيئة
650 0 4 _aالتلوث
650 0 4 _aالامراض
650 0 4 _aالفشل الكلوى
650 0 4 _aالسرطان
650 0 4 _aالالتهاب الكبدى الوبائى
942 _2ddc
_cBK
999 _c31621
_d31621